000 02029cam a22004694i 4500
003 PE-LiUPU
005 20250731173440.0
008 150616s r 000 0 d
035 _a(Sirsi) a566
040 _aPE-LiUPU
_bspa
_cPE-LiUPU
_erda
049 _aPRUA
082 0 4 _a289.709
_bW48
_221
100 1 _aWenger, John Christian,
_eautor.
245 1 0 _aGlimpses of mennonite history and doctrine /
_cJohn Christian Wenger.
250 _aus
264 1 _aPennsylvania :
_bHerald Press,
_c1949.
300 _a258 páginas :
_bilustraciones ;
_c23 cm
336 _atext
_2rdacontent
337 _aunmediated
_2rdamedia
338 _avolume
_2rdacarrier
504 _aIncluye bibliografía.
505 0 _aThe decline of new Testament christianity -- The reformation and the founding of swiss anabaptism -- The swiss brethren and their leaders -- The swiss brethren in other lands -- Spiritual Babel in the north -- Menno Simons and the obbenites -- Four centuries of dutch mennonitism -- Dutch mennonites from the Rhine to the Vistula -- The mennonites in russia -- The mennonites in north America -- Confernces of American mennonites -- Literature and hymnody -- The theology of the mennonites -- Recapturing the anabaptist vision -- The outlook for the future.
526 _aSEG42
526 _aSEG41
526 _aSEG40
526 _aSEG39
526 _aP94
526 _aP87
526 _aP86
526 _aP85
526 _aP77
526 _aP76
526 _aP35
650 0 4 _aLos menonitas
_xHistoria.
910 _ajck
_bjvq
_cjck
942 _2ddc
_cBOOK
949 _a289.709 W48
_wDEWEY
_c1
_i06171
_lCCODEBUL1
_mBUL
_p00.00
_r0
_sY
_tBOOK
_u19850509
_xTEOLOGIA
_zUNKNOWN
_0COMPRA
_o.STAFF. Colección General
994 _aC0
_bPEPRU
596 _a1
999 _a289.709 W48
_wDEWEY
_c56712
_i06171
_f2021-11-12
_g5
_lCCODEBUL1
_mBUL
_r0
_sY
_tBOOK
_u2015-6-16
_xTEOLOGIA
_zUNKNOWN
_0COMPRA
_o.STAFF. Colección General
_d56712
980 _81
_gALBERTO SANCHEZ Responsable de Automatización